Νεολαία και κοινωνική δυναμική
Αποθηκεύτηκε σε:
| Κύριος συγγραφέας: | |
|---|---|
| Μορφή: | Βιβλίο |
| Γλώσσα: | English |
| Δημοσίευση: |
Αθήνα :
Οδυσσέας,
c1991
|
| Θέματα: | |
| Ετικέτες: |
Προσθήκη ετικέτας
Δεν υπάρχουν, Καταχωρήστε ετικέτα πρώτοι!
|
MARC
| LEADER | 00000cam a2200000 i 4500 | ||
|---|---|---|---|
| 001 | 1/14885 | ||
| 008 | 001215s1991 eng d | ||
| 020 | |a 960-210-087-7 | ||
| 035 | |l 10065173 | ||
| 040 | |a GR-MY-UA |b gre |e aacr | ||
| 041 | 0 | |a eng | |
| 082 | 0 | |a 305.235 | |
| 100 | 1 | |a Τσελίκα-Portmann, Ηλέκτρα |d 1945- | |
| 245 | 1 | 0 | |a Νεολαία και κοινωνική δυναμική / |c Ηλέκτρα Τσελίκα |
| 260 | |a Αθήνα : |b Οδυσσέας, |c c1991 | ||
| 300 | |a 139 σ. | ||
| 650 | 0 | 0 | |a Youth |z Greece. |
| 650 | 0 | 0 | |a Youth. |
| 852 | |a INST |b LESVOS |e 20001215 |h 305.235 ΤΣΕ |p 005100029458 |q 005100029458 |t BK |y 0 | ||
| 852 | |a INST |b LESVOS |e 20050919 |h 305.235 ΤΣΕ |p 005100032598 |q 005100032598 |t BK |y 0 | ||
| 901 | |a BIBL1-2000-3 | ||
| 901 | |a BIBL1-2005-3 | ||
| 909 | |a Λ |b 082587 | ||
| 909 | |a Λ |b 113831 | ||
| 920 | |a ΔΙΕΥΡΥΝΣΗ |b ΕΠΕΑΕΚ-ΤΠ |y ΛΕΣΒΟΣ |z 2004-10 | ||
| 970 | |a ΤΖΑΦΕΡΗ |b ΕΥΑΓΓΕΛΙΑ |z 2000/12/15 | ||